El auténtico liderazgo : (Registro nro. 261)
[ vista simple ]
| 000 -LEADER | |
|---|---|
| fixed length control field | 01133nam a2200229Ia 4500 |
| 003 - CONTROL NUMBER IDENTIFIER | |
| control field | PE SENCICO BE |
| 005 - DATE AND TIME OF LATEST TRANSACTION | |
| control field | 20251020182431.0 |
| 008 - FIXED-LENGTH DATA ELEMENTS--GENERAL INFORMATION | |
| fixed length control field | 200515s9999 xx 000 0 und d |
| 020 ## - INTERNATIONAL STANDARD BOOK NUMBER | |
| International Standard Book Number | 950-15-1331-9 |
| 040 ## - CATALOGING SOURCE | |
| Original cataloging agency | PE SENCICO BE |
| Transcribing agency | PE SENCICO BE |
| 041 ## - LANGUAGE CODE | |
| Language code of text/sound track or separate title | spa |
| 082 ## - DEWEY DECIMAL CLASSIFICATION NUMBER | |
| Classification number | 658.4092 |
| Item number | D42 |
| 100 1# - MAIN ENTRY--PERSONAL NAME | |
| Personal name | De Pree, Max |
| 9 (RLIN) | 2595 |
| Relator term | autor |
| 245 10 - TITLE STATEMENT | |
| Title | El auténtico liderazgo : |
| Remainder of title | los atributos esenciales de un gran líder / |
| Statement of responsibility, etc. | Max De Pree |
| 260 ## - PUBLICATION, DISTRIBUTION, ETC. | |
| Place of publication, distribution, etc. | Buenos Aires : |
| Name of publisher, distributor, etc. | Javier Vergara ; |
| Date of publication, distribution, etc. | 1993 |
| 300 ## - PHYSICAL DESCRIPTION | |
| Extent | 230 p. : |
| Dimensions | 23 cm. |
| 505 0# - FORMATTED CONTENTS NOTE | |
| Formatted contents note | Encontrando la propia voz -- Una llave llamada promesa -- ¿Que es frágil? -- La mezcla de Dios -- Aguadores -- Sogas o cuartos de baño -- Líderes de líderes -- Tómese cinco minutos -- ¿Que diría Bucky? -- ¿Donde se cruzan la ética y el liderazgo? -- Brinde el regalo del cambio -- ¡Delegue! -- Perfeccionando el talento -- Aficionados -- Los seguidores -- ¿Tienen futuro los líderes? -- Los atributos del liderazgo: una lista para verificar |
| 650 10 - SUBJECT ADDED ENTRY--TOPICAL TERM | |
| Topical term or geographic name entry element | Liderazgo |
| 9 (RLIN) | 931 |
| 650 20 - SUBJECT ADDED ENTRY--TOPICAL TERM | |
| Topical term or geographic name entry element | Autorrealización (Psicología) |
| 9 (RLIN) | 1496 |
| 650 20 - SUBJECT ADDED ENTRY--TOPICAL TERM | |
| Topical term or geographic name entry element | Ejecutivos |
| 9 (RLIN) | 2596 |
| 942 ## - ADDED ENTRY ELEMENTS (KOHA) | |
| Koha item type | Libros |
| Source of classification or shelving scheme | Dewey Decimal Classification |
| Fecha de la última vez que lo usaron | Número de ingreso o de inventario | Pago total | Signatura topográfica completa | Código de barras | Precio efectivo desde | Tipo de documento | Estado perdido | Sistema de clasificación | Estado dañado | No es para préstamo | Retirado | Ubicación permanente | Ubicación actual | Fecha de adquisición |
|---|---|---|---|---|---|---|---|---|---|---|---|---|---|---|
| 15/05/2020 | 4730 | 658.4092/D42 | BibLima24100013 | 15/05/2020 | Libros | Dewey Decimal Classification | Biblioteca Central Lima | Biblioteca Central Lima | 15/05/2020 |